Statistics for Flea's Filmography

Click here to take the quiz!

General Stats

  • This quiz has been taken 5 times
  • The average score is 7 of 10

Answer Stats

HintAnswer% Correct
He also appeared in part 3 of Zemeckis' trilogyBack to the Future Part II
100%
Afraid and full of hatred in a casino, with Depp and del Toro.Fear and Loathing in Las Vegas
100%
Edgar Wright film, protagonist has tinnitus but drives real wellBaby Driver
80%
Played Donnie Thornberry with this famous group of babiesRugrats Go Wild
80%
He played a nihilist (not a nazi) so he was harmless, nothing to worry about, DonnieThe Big Lebowski
80%
Another Disney-Pixar voice role, Key and Peele also star as fluffy teddiesToy Story 4
80%
2022 Hollywood love(?) letter starring Brad Pitt and Margot RobbieBabylon
60%
Animated Disney-Pixar film, where he voices Mind Cop JakeInside Out
60%
Vince Vaughn, Julianne Moore, Viggo Mortensen, William H. Macy all appear in this 60's horror remakePsycho (1998)
60%
Gus Van Sant film based on Henry IV and Henry V by Shakespeare, with River Phoenix and Keanu Reeves.My Own Private Idaho
40%

Score Distribution

Percentile by Number Answered

Percent of People with Each Score

Your Score History

You have not taken this quiz